000 01055nam a22002537a 4500
005 20170123164154.0
010 _aB-230526
020 _a8171164382
_c125.00
035 _aB-230526
037 _aCen Lib / Ret
040 _aDPL
_bPN
082 _a857
_bਰਾਹੀਐੱ
100 _aਰਾਹੀ, ਐੱਮ. ਕੇ.
_943944
245 _aਚੋਰਾਂ 'ਚ ਘਿਰਿਆ ਅਲੀ ਬਾਬਾ :
_cਐੱਮ. ਕੇ. ਰਾਹੀ
_bਰਾਸ-ਵਿਅੰਗ /
246 _aChoran ch chiriya ali baba : Humour and satire /
_bby M. K. Rahi
260 _aਦਿੱਲੀ
_bਨੈਸ਼ਨਲ ਬੁਕ ਸ਼ਾਪ
_c2007
270 _aਪਲਂਈਅਰ ਗਾਰਡਨ ਮਾਰਕਿਟ, ਚਾਂਦਨੀ ਚੌਂਕ
_bਦਿੱਲੀ
_e110006
300 _a128p.
_c23cm(Hb)
650 _aਪੰਜਾਬੀ ਵਿਅੰਗ
_9141282
650 _aਪੰਜਾਬੀ ਸਾਹਿਤ
_9141283
650 _aPunjabi Irony
_97379
650 _aPunjabi Literature
_9141284
942 _2ddc
_cPN
_h857
_mਰਾਹੀਐੱ
999 _c110559
_d110559